Movies with a Common Word II Quiz Stats

 Plays Quiz Updated Sep 9, 2013

Support Sporcle.
Go Orange.
Score 0/43 Timer 07:00
2 Plays Today
% Correct
Mrs. Doubtfire
96.5%
The Green Mile
94.2%
Friends with Benefits
89.3%
The Princess Diaries
83.6%
Independence Day
82%
The Princess Bride
80.2%
Groundhog Day
78.5%
The Big Lebowski
75.4%
Green Lantern
74.7%
The Great Gatsby
72.9%
City Slickers
70.3%
Reservoir Dogs
69.4%
Training Day
62.8%
Animal House
62.6%
The Green Hornet
62.6%
The Great Escape
60.6%
High Fidelity
53.4%
WarGames
52.4%
Into the Wild
52.4%
High Noon
50.6%
Rosemary's Baby
46.7%
Road House
46.5%
% Correct
City Lights
35.7%
Old Dogs
35.6%
Cry-Baby
34.1%
Into the Blue
33.2%
The Great Dictator
32.6%
The Big Chill
32.1%
The Big Sleep
31.7%
Green Zone
27.9%
War Horse
25.8%
Mrs. Miniver
21.6%
Friends with Kids
21.2%
Straw Dogs
19.7%
Friends with Money
16.9%
Safe House
16.3%
One Day
13.9%
Valentine's Day
10.6%
The Great Debaters
9.6%
Dream House
6.5%
War, Inc.
6.4%
The Great Ziegfeld
5.4%
Silent House
3.8%

From the Vault

Cities in Asia Match

by ElPresidente_pan

Geography 10m
Help these cities reunite with their home countries.
Remove Ads.
Support Sporcle.
Get the best of Sporcle when you Go Orange. This ad-free experience offers more features, more stats, and more fun while also helping to support Sporcle. Thank you for becoming a member.

Show Comments

Extras

Top Quizzes Today


Score Distribution

Your Account Isn't Verified!

In order to create a playlist on Sporcle, you need to verify the email address you used during registration. Go to your Sporcle Settings to finish the process.

Report this User

Report this user for behavior that violates our Community Guidelines.

Details: